Praktické aspekty regulácie slovenského a európskeho trhu elektroenergetiky

Štruktúra trhu v elektroenergetike a nastavenie pre prístup tretích strán (Third party Access). Novelizácia slovenskej regulačnej legislatívy týkajúca sa elektroenergetiky. Zákon č. 276/2001 Z.z. a zákon č. 656/2004 Z. z. o energetike. Zákon č. 309/2009 Z. z. o podpore výroby elektriny. Výnosy a vyh...

ver descrição completa

Na minha lista:
Detalhes bibliográficos
Autor principal: Michalcová, Zuzana, 1984-
Formato: Capítulo de Livro
Idioma:eslovaco
Assuntos:
Tags: Adicionar Tag
Sem tags, seja o primeiro a adicionar uma tag!

MARC

LEADER 00000naa$a2200000$$$4500
001 0130409
005 20240502072508.4
041 0 |a slo 
044 |a SK 
245 1 0 |a Praktické aspekty regulácie slovenského a európskeho trhu elektroenergetiky  |c Zuzana Michalcová 
520 |a Štruktúra trhu v elektroenergetike a nastavenie pre prístup tretích strán (Third party Access). Novelizácia slovenskej regulačnej legislatívy týkajúca sa elektroenergetiky. Zákon č. 276/2001 Z.z. a zákon č. 656/2004 Z. z. o energetike. Zákon č. 309/2009 Z. z. o podpore výroby elektriny. Výnosy a vyhlášky URSO. 
610 2 0 |a Slovensko 
610 2 0 |a Európska únia 
610 2 0 |a elektroenergetika 
610 2 0 |a trh energetický 
610 2 0 |a výroba energie 
610 2 0 |a regulácia 
610 2 0 |a odvetvia sieťové 
610 2 0 |a priemysel palivovo-energetický 
610 2 0 |a legislatíva 
610 2 0 |a zákony 
100 1 |a Michalcová, Zuzana, 1984-